| 000 | 00671nam a2200217Ia 4500 | ||
|---|---|---|---|
| 003 | GCL | ||
| 008 | 140319s9999 xx 000 0 ara d | ||
| 040 |
_aGCL / _cGCL |
||
| 082 | 0 | 4 |
_a791.5 _bل د |
| 100 | 1 | _aاحمد المغازى | |
| 245 | 1 | 0 |
_aدراسات فى المسرح والسينما عند العرب / _cاحمد المغازى |
| 700 | 1 | _aلنداو، يعقوب | |
| 700 | 1 | _aه.ا . ر رجب | |
| 300 | _a533 ص | ||
| 490 |
_aالهيئة العامة للاستعلامات _v0 |
||
| 650 | 0 | 4 | _aالفنون |
| 650 | 0 | 4 | _aالمسرح العربى |
| 650 | 0 | 4 | _aالسينما العربية |
| 650 | 0 | 4 | _aمسرح الظل |
| 942 |
_2ddc _cBK |
||
| 999 |
_c50086 _d50086 |
||